Jugadores de la Selección Inglesa Por Fotos - Eurocopa 2024 - Estadísticas

Estadísticas generales
  • Esta prueba ha sido intentada 47 veces
  • La puntuación promedio es 18 de 26
Estadísticas de respuestas
Imagen Respuesta % Correcto
Jordan Pickford
98%
Kyle Walker
98%
Harry Kane
95%
Jude Bellingham
95%
Phil Foden
95%
Kieran Trippier
93%
Trent Alexander-Arnold
93%
Bukayo Saka
90%
Cole Palmer
90%
Declan Rice
90%
John Stones
88%
Conor Gallagher
85%
Aaron Ramsdale
68%
Luke Shaw
63%
Kobbie Mainoo
60%
Ollie Watkins
58%
Anthony Gordon
55%
Joe Gomez
55%
Marc Guéhi
50%
Ivan Toney
48%
Eberechi Eze
40%
Jarrod Bowen
40%
Dean Henderson
33%
Lewis Dunk
33%
Ezri Konsa
25%
Adam Wharton
18%
No se encontraron pruebas coincidentes
Distribución de puntuación
Porcentaje de gente con cada puntuación
Porcentaje por número respondido
Historial de tus puntuaciones
No has intentado esta prueba.